| 000 | 00989nam a22002891 4500 | ||
|---|---|---|---|
| 001 | bimo0001299586 | ||
| 003 | OSt | ||
| 005 | 20130622114235.0 | ||
| 008 | 960722s1969 sp spa | ||
| 035 | _a(OCoLC)432973239 | ||
| 040 |
_aSpMaBN _cBMC |
||
| 041 | 1 | _aspa | |
| 082 | _a920 Leonor de Aquitania | ||
| 100 | 1 | 0 |
_aPernoud, Régine _d1909-1998 _9758 |
| 245 | 1 | 0 |
_aLeonor de Aquitania _cRégine Pernoud ; [traducción del francés por Ricardo Calderón Montero] |
| 260 | 0 |
_aMadrid _bEspasa-Calpe _c1969 |
|
| 300 |
_a250 p. _c18 cm |
||
| 490 | 0 |
_aAustral _v1454 |
|
| 600 | 0 | 4 |
_aLeonor de Aquitania _cReina consorte de Enrique II, Rey de Inglaterra _91052 _xBiografias |
| 700 | 1 | 1 | _aCalderón Montero, Ricardo |
| 942 |
_2ddc _cBK |
||
| 956 | _a1 2 | ||
| 980 |
_aM-BN _bBNMADRID _j4/81127 _cSG_RECOLET |
||
| 980 |
_aM-BN _bBNMADRID _j4/81128 _cSG_RECOLET |
||
| 980 |
_aM 22346-1969 _aM-BN _bBNALCALA _jAHM/589484 _cSALA_ALC |
||
| 980 |
_aM 22346-1969 _aM-BN _bBNALCALA _jAHM/818941 _cSALA_ALC |
||
| 999 |
_c742 _d742 |
||